[Event "Richmond Keres Memorial 39th"]
[Site "Richmond"]
[Date "2014.05.18"]
[Round "3.4"]
[White "Cheng, Jack"]
[Black "Pechisker, Alfred"]
[Result "1/2-1/2"]
[WhiteElo "2061"]
[BlackElo "2191"]
[PlyCount "51"]
[EventDate "2014.05.17"]
[EventType "swiss"]
[EventRounds "6"]
[EventCountry "CAN"]
[SourceTitle "EXT 2022"]
[Source "ChessBase"]
[SourceDate "2021.10.06"]
[SourceVersion "1"]
[SourceVersionDate "2021.10.06"]
[SourceQuality "1"]

1. e4 c5 2. c4 Nc6 3. Nc3 g6 4. g3 Bg7 5. Bg2 d6 6. Nge2 h5 7. d3 e5 8. Nd5 h4 9. Nec3 Be6 10. Be3 Qd7 11. Qa4 Rc8 12. a3 Nf6 13. Bg5 Bxd5 14. Bxf6 Bxf6 15. cxd5 Nd4 16. Qxd7+ Kxd7 17. Bh3+ Kc7 18. Bxc8 Nc2+ 19. Ke2 Nxa1 20. Rxa1 Kxc8 21. Nb5 Kd7 22. Nxa7 Bd8 23. Nb5 hxg3 24. hxg3 Rh2 25. a4 Ba5 26. Kf3 1/2-1/2

[Event "British Columbia-ch"]
[Site "Vancouver"]
[Date "2013.10.14"]
[Round "6.1"]
[White "Pechisker, Alfred"]
[Black "Cheng, Jack"]
[Result "0-1"]
[WhiteElo "2285"]
[BlackElo "2266"]
[PlyCount "100"]
[EventDate "2013.10.11"]
[EventType "tourn"]
[EventRounds "7"]
[EventCountry "CAN"]
[SourceTitle "EXT 2022"]
[Source "ChessBase"]
[SourceDate "2021.10.06"]
[SourceVersion "1"]
[SourceVersionDate "2021.10.06"]
[SourceQuality "1"]

1. d4 Nf6 2. c4 g6 3. Nc3 Bg7 4. e4 d6 5. f3 0-0 6. Be3 Nc6 7. Nge2 a6 8. Qd2 Rb8 9. a4 Bd7 10. Rb1 a5 11. h3 e5 12. d5 Nb4 13. g4 Qe8 14. b3 c6 15. Ng3 Qe7 16. g5 Ne8 17. h4 f5 18. gxf6 Bxf6 19. h5 Bh4 20. Kf2 Qf6 21. Bg2 Bg4 22. Rbf1 Bxh5 23. Rxh4 Qxh4 24. Rh1 Qg4 25. Nxh5 gxh5 26. Ne2 Ng7 27. Bh6 Rf6 28. Rh3 Qg6 29. Bg5 Rf7 30. Rg3 Qxe4 31. Bh6 Qf5 32. Bh3 Qf6 33. Be6 Kh8 34. Bxf7 Nf5 35. Be6 Nxh6 36. Nc3 cxd5 37. cxd5 h4 38. Rh3 Nf5 39. Ne4 Qg6 40. Bxf5 Qxf5 41. Rxh4 Rf8 42. Ng5 Nd3+ 43. Kf1 Nf4 44. Nxh7 Rc8 45. Nf6+ Kg7 46. Ne4 Rh8 47. Rg4+ Kf8 48. Qxa5 Qc8 49. Qd2 Rh1+ 50. Rg1 Qh3+ 0-1

[Event "British Columbia-ch"]
[Site "Vancouver"]
[Date "2013.10.13"]
[Round "4.2"]
[White "Cheng, Jack"]
[Black "Wu, Howard"]
[Result "1-0"]
[WhiteElo "2266"]
[BlackElo "2252"]
[PlyCount "71"]
[EventDate "2013.10.11"]
[EventType "tourn"]
[EventRounds "7"]
[EventCountry "CAN"]
[SourceTitle "EXT 2022"]
[Source "ChessBase"]
[SourceDate "2021.10.06"]
[SourceVersion "1"]
[SourceVersionDate "2021.10.06"]
[SourceQuality "1"]

1. e4 c5 2. Nf3 Nc6 3. d4 cxd4 4. Nxd4 Nf6 5. Nc3 d6 6. Be2 g6 7. 0-0 Bg7 8. Be3 0-0 9. Nb3 Be6 10. f4 Qc8 11. h3 Rd8 12. Nd4 Nxd4 13. Bxd4 Bc4 14. f5 Bxe2 15. Qxe2 Nd7 16. Bxg7 Qc5+ 17. Kh1 Kxg7 18. Nd5 Nf6 19. Qf3 Qd4 20. fxg6 fxg6 21. Nc7 Qxe4 22. Nxa8 Rxa8 23. Qc3 Re8 24. Rae1 Qh4 25. Re6 Kf7 26. Qe3 Qa4 27. Re1 Nd5 28. Qf3+ Nf6 29. Qxb7 Nd7 30. Qd5 Kf8 31. Rf1+ Nf6 32. Qb3 Qd4 33. Qe3 Qa4 34. b3 Qc6 35. Qxa7 Qxc2 36. Rexf6+ 1-0

[Event "Britsh Columbia-ch U20"]
[Site "Vancouver"]
[Date "2012.12.02"]
[Round "5.1"]
[White "Cao, Jason"]
[Black "Cheng, Jack"]
[Result "1-0"]
[WhiteElo "2212"]
[BlackElo "2206"]
[PlyCount "50"]
[EventDate "2012.12.01"]
[EventType "swiss"]
[EventRounds "5"]
[EventCountry "CAN"]
[SourceTitle "EXT 2022"]
[Source "ChessBase"]
[SourceDate "2021.10.06"]
[SourceVersion "1"]
[SourceVersionDate "2021.10.06"]
[SourceQuality "1"]

1. e4 e5 2. Nf3 Nc6 3. Bb5 a6 4. Ba4 Nf6 5. 0-0 b5 6. Bb3 Bb7 7. d3 Be7 8. a4 d6 9. Nc3 b4 10. Ne2 Na5 11. Ba2 c5 12. Ng3 0-0 13. c3 bxc3 14. bxc3 h6 15. Nf5 Bc8 16. N3h4 Re8 17. Qf3 Bxf5 18. Nxf5 Kh7 19. Qg3 g5 20. Qh3 h5 21. Bxg5 Kg6 22. Bxf6 Bxf6 23. Qg3+ Bg5 24. h4 f6 25. hxg5 fxg5 1-0

[Event "Britsh Columbia-ch U20"]
[Site "Vancouver"]
[Date "2012.12.02"]
[Round "4.1"]
[White "Cheng, Jack"]
[Black "Sohal, Tanraj"]
[Result "1-0"]
[WhiteElo "2206"]
[BlackElo "2192"]
[PlyCount "51"]
[EventDate "2012.12.01"]
[EventType "swiss"]
[EventRounds "5"]
[EventCountry "CAN"]
[SourceTitle "EXT 2022"]
[Source "ChessBase"]
[SourceDate "2021.10.06"]
[SourceVersion "1"]
[SourceVersionDate "2021.10.06"]
[SourceQuality "1"]

1. e4 c5 2. Nf3 Nc6 3. d4 cxd4 4. Nxd4 Nf6 5. Nc3 e6 6. Ndb5 Bc5 7. Nd6+ Ke7 8. Nxc8+ Rxc8 9. Bd3 a6 10. 0-0 Qc7 11. Kh1 h5 12. Bg5 Kf8 13. Bxf6 gxf6 14. f4 Bd4 15. Rb1 Ke7 16. e5 fxe5 17. f5 d5 18. fxe6 fxe6 19. Bg6 Rcf8 20. Rxf8 Rxf8 21. Qxh5 Qb6 22. Rd1 Bxc3 23. bxc3 Qf2 24. h3 Qf6 25. Qh7+ Kd6 26. Bh5 1-0

[Event "CAN-ch op 49th"]
[Site "Victoria"]
[Date "2012.07.10"]
[Round "6"]
[White "Pechisker, Alfred"]
[Black "Cheng, Jack"]
[Result "1/2-1/2"]
[WhiteElo "2197"]
[BlackElo "1987"]
[PlyCount "127"]
[EventDate "2012.07.08"]
[EventType "swiss"]
[EventRounds "9"]
[EventCountry "CAN"]
[SourceTitle "CBM 149 Extra"]
[Source "ChessBase"]
[SourceDate "2012.08.24"]
[SourceVersion "1"]
[SourceVersionDate "2012.08.24"]
[SourceQuality "1"]

1. d4 Nf6 2. c4 g6 3. Nc3 Bg7 4. e4 d6 5. f3 0-0 6. Bg5 Nc6 7. Nge2 a6 8. Qd2 Rb8 9. d5 Ne5 10. Nd4 c5 11. Nc2 Qa5 12. a4 Qd8 13. Be2 Ne8 14. Ne3 f6 15. Bh4 Bd7 16. f4 Nf7 17. 0-0 Nc7 18. a5 b5 19. axb6 Rxb6 20. Rfb1 Qb8 21. Ra3 Re8 22. Bf2 Nh6 23. g4 Qc8 24. h3 f5 25. exf5 gxf5 26. g5 Nf7 27. Bd3 Rf8 28. Qc2 Nd8 29. Rb3 Rxb3 30. Qxb3 e5 31. dxe6 Bxe6 32. Ncd5 Nc6 33. Qb6 Bxd5 34. cxd5 Nb4 35. Bc4 Qd7 36. b3 Re8 37. Qb7 Bd4 38. Ng2 Qg7 39. Rd1 Bxf2+ 40. Kxf2 Qb2+ 41. Kg1 Qg7 42. Qb6 Qd7 43. Rd2 Nb5 44. Qa5 Qb7 45. Qa1 Nd4 46. Kf2 Qe7 47. Qd1 Qe4 48. Qh5 Re7 49. h4 a5 50. Qd1 Nbc2 51. Bd3 Ne3 52. Bxe4 Nxd1+ 53. Rxd1 Rxe4 54. Rd3 Re2+ 55. Kf1 Rb2 56. Ne3 Rxb3 57. Rxb3 Nxb3 58. Nc4 a4 59. Ke2 Nd4+ 60. Kd3 Nb5 61. Ne3 Nd4 62. Nc4 Nb5 63. Ne3 Nd4 64. Nc4 1/2-1/2

[Event "CAN-ch op 49th"]
[Site "Victoria"]
[Date "2012.07.09"]
[Round "3"]
[White "Han, Yiming"]
[Black "Cheng, Jack"]
[Result "0-1"]
[WhiteElo "2060"]
[BlackElo "1987"]
[PlyCount "76"]
[EventDate "2012.07.08"]
[EventType "swiss"]
[EventRounds "9"]
[EventCountry "CAN"]
[SourceTitle "EXT 2014"]
[Source "ChessBase"]
[SourceDate "2013.11.20"]
[SourceVersion "1"]
[SourceVersionDate "2013.11.20"]
[SourceQuality "1"]

1. e4 e5 2. Nc3 Nf6 3. Nf3 Nc6 4. Be2 Be7 5. 0-0 0-0 6. d4 exd4 7. Nxd4 d6 8. Kh1 Re8 9. f4 Nd7 10. Nxc6 bxc6 11. Bf3 Rb8 12. g4 Nb6 13. g5 Bb7 14. h4 d5 15. e5 Bb4 16. a3 Bf8 17. Qe2 c5 18. h5 Qc8 19. Qg2 c6 20. Qg3 Qd7 21. Bg4 Qd8 22. h6 g6 23. f5 Bc8 24. e6 Rb7 25. Bf4 gxf5 26. g6 fxg6 27. Bxf5 Nc4 28. Bxg6 hxg6 29. Qxg6+ Kh8 30. Bg5 Rxe6 31. Bf6+ Rxf6 32. Rxf6 Rh7 33. Rg1 Bxh6 34. Rf7 Qh4+ 35. Kg2 Ne3+ 36. Kf3 Bg4+ 37. Rxg4 Qxg4+ 38. Kf2 Qxg6 0-1

[Event "Langley Labour Day op"]
[Site "Langley"]
[Date "2011.09.05"]
[Round "6.2"]
[White "Cheng, Jack"]
[Black "Villavieja, Butch"]
[Result "0-1"]
[WhiteElo "1965"]
[BlackElo "2323"]
[PlyCount "62"]
[EventDate "2011.09.03"]
[EventType "swiss"]
[EventRounds "6"]
[EventCountry "CAN"]
[SourceTitle "EXT 2022"]
[Source "ChessBase"]
[SourceDate "2021.10.06"]
[SourceVersion "1"]
[SourceVersionDate "2021.10.06"]
[SourceQuality "1"]

1. e4 c5 2. Nf3 d6 3. d4 cxd4 4. Nxd4 Nf6 5. Nc3 g6 6. Be3 Bg7 7. f3 0-0 8. Qd2 Nc6 9. Bc4 a5 10. a4 Bd7 11. 0-0 Rc8 12. Bb3 Nxd4 13. Bxd4 Be6 14. Nd5 Bxd5 15. exd5 Nd7 16. Bxg7 Kxg7 17. Qd4+ Kg8 18. Rfe1 Rc5 19. Re3 Re8 20. Rae1 b5 21. Qh4 Nb6 22. axb5 Rxb5 23. Rxe7 Rxe7 24. Rxe7 Nxd5 25. Re4 Nf6 26. Re1 Rb4 27. Qg5 a4 28. Bd5 Rxb2 29. Bc6 Qb6+ 30. Re3 Rxc2 31. Kf1 Rxc6 0-1

[Event "Victoria op 4th"]
[Site "Victoria"]
[Date "2010.04.03"]
[Round "2"]
[White "Cheng, Jack"]
[Black "Gansvind, Valeriya I"]
[Result "0-1"]
[WhiteElo "2008"]
[BlackElo "2332"]
[PlyCount "74"]
[EventDate "2010.04.02"]
[EventType "swiss"]
[EventRounds "6"]
[EventCountry "CAN"]
[SourceTitle "CBM 135 Extra"]
[Source "ChessBase"]
[SourceDate "2010.05.04"]
[SourceVersion "1"]
[SourceVersionDate "2010.05.04"]
[SourceQuality "1"]

1. e4 c5 2. Nf3 a6 3. d4 cxd4 4. Nxd4 Nf6 5. Nc3 e5 6. Nb3 Bb4 7. Bd2 0-0 8. Bd3 b6 9. 0-0 Bb7 10. Qe2 Re8 11. a3 Bf8 12. Bg5 d6 13. Rad1 Nbd7 14. Nd5 Bxd5 15. exd5 Qc8 16. Bf5 Qb7 17. c4 h6 18. Be3 g6 19. Bxd7 Nxd7 20. g4 Qc8 21. Nd2 Nf6 22. h3 Rb8 23. b4 b5 24. f3 bxc4 25. Nxc4 Rb5 26. Rc1 Qd8 27. Na5 Nxd5 28. Rc6 Nf4 29. Bxf4 exf4 30. Qc4 Qf6 31. Rxa6 Rbe5 32. Rf2 Re1+ 33. Kg2 Qa1 34. Qxf4 R8e2 35. Qh2 Qb2 36. Qg3 Rxf2+ 37. Qxf2 Re2 0-1

[Event "CAN-ch U20"]
[Site "Victoria"]
[Date "2009.07.25"]
[Round "2"]
[White "Cheng, Jack"]
[Black "Wang, Richard"]
[Result "1/2-1/2"]
[WhiteElo "2048"]
[BlackElo "2097"]
[PlyCount "51"]
[EventDate "2009.07.25"]
[EventType "swiss"]
[EventRounds "7"]
[EventCountry "CAN"]
[SourceTitle "EXT 2011"]
[Source "ChessBase"]
[SourceDate "2010.11.26"]
[SourceVersion "1"]
[SourceVersionDate "2010.11.26"]
[SourceQuality "1"]

1. e4 c5 2. Nf3 d6 3. d4 cxd4 4. Nxd4 Nf6 5. Nc3 g6 6. Be3 Bg7 7. f3 Nc6 8. Qd2 Bd7 9. 0-0-0 Rc8 10. h4 Ne5 11. g4 h5 12. g5 Nh7 13. Be2 0-0 14. Rdf1 Nc4 15. Bxc4 Rxc4 16. f4 e6 17. Rhg1 Qa5 18. Kb1 Rfc8 19. Nb3 Qa6 20. Bd4 b5 21. Bxg7 Kxg7 22. a3 Qb6 23. Rd1 R8c6 24. Nd4 R6c5 25. Nb3 Rc6 26. Nd4 1/2-1/2

[Event "CAN-ch U20"]
[Site "Victoria"]
[Date "2009.07.25"]
[Round "3"]
[White "Li, Changhe"]
[Black "Cheng, Jack"]
[Result "1/2-1/2"]
[WhiteElo "2065"]
[BlackElo "2048"]
[PlyCount "89"]
[EventDate "2009.07.25"]
[EventType "swiss"]
[EventRounds "7"]
[EventCountry "CAN"]
[SourceTitle "EXT 2011"]
[Source "ChessBase"]
[SourceDate "2010.11.26"]
[SourceVersion "1"]
[SourceVersionDate "2010.11.26"]
[SourceQuality "1"]

1. e4 e5 2. Nc3 Nf6 3. g3 Bc5 4. Bg2 Nc6 5. Nge2 d6 6. 0-0 a6 7. d3 h6 8. h3 Be6 9. Kh2 Qe7 10. Nd5 Bxd5 11. exd5 Nd4 12. Nxd4 Bxd4 13. c3 Bb6 14. Be3 Bxe3 15. fxe3 h5 16. Qa4+ Qd7 17. Qxd7+ Nxd7 18. Rac1 g6 19. e4 Ke7 20. Rf3 Raf8 21. Rcf1 f6 22. h4 Nb6 23. b3 c6 24. dxc6 bxc6 25. c4 Na8 26. R3f2 Nc7 27. Bh3 Ne6 28. Bxe6 Kxe6 29. c5 dxc5 30. Rc1 Kd6 31. Rfc2 f5 32. Rxc5 Rc8 33. b4 Rh7 34. R1c4 fxe4 35. Rxe4 Re7 36. Kg2 Rb8 37. Ra5 Rb6 38. Kf2 Rf7+ 39. Ke2 Re7 40. a3 Re6 41. Ke3 Re7 42. g4 Re6 43. gxh5 gxh5 44. d4 Rb5 45. Rxb5 1/2-1/2